Ekonomika spoločenského prospechu a odmeňovania vo vynálezcovstve a zlepšovateľstve seminár

Guardado en:
Detalles Bibliográficos
Formato: Libro
Lenguaje:eslovaco
Publicado: Bratislava Dom techniky ČSVTS 1985
Etiquetas: Agregar Etiqueta
Sin Etiquetas, Sea el primero en etiquetar este registro!

MARC

LEADER 00000nam a2200000 4500
001 c111007
005 20221220081743.5
041 0 |a slo 
044 |a SK 
245 1 0 |a Ekonomika spoločenského prospechu a odmeňovania vo vynálezcovstve a zlepšovateľstve  |b seminár 
264 1 |a Bratislava  |b Dom techniky ČSVTS  |c 1985 
300 |a 98 s.